Jednota výtvarno-režijnej koncepcie KBD v Banskej Bystrici ku Dňom divadelného umenia NDR

Bibliographic Details
Main Author: Jurčo, Milan (Author)
Format: Article
Language:Slovak
PhysicalDescription:Obr. 1.
Subjects:

MARC

LEADER 00000nab a2200000 a 4500
001 vtls000317232
003 SK-MaSNL
005 20260303204516.0
008 111201c1978 xo 0 slo
015 |a SNBRB19rr/mm-uuuuu 
035 |a CL0007324 
040 |a SNKBUCL  |b slo  |c SNKBUCL  |e AACR2 
041 0 |a slo 
044 |a xo  |c SK 
080 |a 792.9  |2 1981 
100 1 |a Jurčo, Milan  |4 aut  |9 296407 
245 1 0 |a Jednota výtvarno-režijnej koncepcie  |b KBD v Banskej Bystrici ku Dňom divadelného umenia NDR  |c Milan Jurčo 
300 |b Obr. 1. 
610 2 7 |a Krajské bábkové divadlo (Banská Bystrica, Slovensko)  |2 snkbucl  |9 56381 
650 0 7 |a inscenácie bábkové  |2 snkbucl  |9 1238328 
650 0 7 |a Eschner, Eugen  |2 snkbucl  |9 1238329 
651 7 |a 5301  |2 snkbucl  |9 893756 
655 7 |a články z novín a časopisov  |2 snkbucl  |9 267496 
773 0 |t Ľud  |g Roč. 30, č. 82 (7. 4. 1978), s. 5 
850 |a Slovenská národná knižnica v Martine  |a MTA001 
852 |a SNK  |b KIS3GCP 
958 |a RK 
992 |a RBX 
999 |c 2190321  |d 2192251